| 000 | 00427nam a22001817a 4500 | ||
|---|---|---|---|
| 003 | OSt | ||
| 005 | 20250522162305.0 | ||
| 008 | 250522b |||||||| |||| 00| 0 eng d | ||
| 020 | _a9781785652769 | ||
| 040 |
_asdcl _csdcl |
||
| 041 |
_aeng _deng |
||
| 082 | _aO-,3N87 Q7 | ||
| 100 |
_aSchwab, V. E. _9809643 |
||
| 245 | _aOur dark duet | ||
| 260 |
_aLondon : _bTitan Books, _c2017. |
||
| 300 | _a474p | ||
| 942 |
_2CC _cGB _n0 |
||
| 999 |
_c1430923 _d1430923 |
||